| 000 | 00982nam a2200289 i 4500 | ||
|---|---|---|---|
| 001 | 9639 | ||
| 003 | ES-MaACL | ||
| 005 | 20230906145727.0 | ||
| 007 | t| | ||
| 008 | 931117s1992 sp ||||1| cat d | ||
| 020 | _a84-86314-71-2 | ||
| 080 | _a596(467.33) | ||
| 100 | 1 |
_aLópez, Germán. _973331 |
|
| 245 | 1 | 4 |
_aEls Vertebrats terrestres de la comarca d'Alacant / _cGermán López, Luis Rico, Carles Martín. |
| 260 |
_a[Alicante] : _bFons Editorial : _bCaixa d'Estalvis Provincial D'Alacant, _cD.L. 1992. |
||
| 300 |
_a179 p. : _bil. ; _c29 cm. |
||
| 490 | 1 |
_aCuadernos de la naturaleza ; _v2 |
|
| 500 | _aIndices. | ||
| 504 | _aBibliogr.: p.163-167. | ||
| 650 | 4 |
_aVertebrados- _zAlicante (Provincia) _917766 |
|
| 700 | 1 |
_aRico, Luis. _997017 |
|
| 700 | 1 |
_aMartín, Carles. _977272 |
|
| 710 | 2 |
_aCaixa d'Estalvis Provincial d' Alacant. _92276 |
|
| 830 | 0 |
_aCuadernos de la naturaleza ; _v2 _9228051 |
|
| 852 |
_aES-MaACL _jL-17161 _bR.120403 |
||
| 999 |
_c9639 _d9639 |
||